000
00317nam a2200133Ia 4500
008
191201s2010 xx 000 0 und d
100
_a
GULATI, Neelam C
245
0
_a
Principle of Insurance Management
250
_a
Rep
260
_a
N. Delhi
_b
Excel Books
_c
2010
300
_a
342
650
_a
MBA
942
_2
ddc
_c
BK
999
_c
5138
_d
5138